Familia y bienestar en la salud: la experiencia de las madres del baby-boom en España (Registro nro. 48241)
[ vista simple ]
| 000 -CABECERA | |
|---|---|
| Longitud fija campo de control | 01159naa a2200301 c 4500 |
| 001 - NÚMERO DE CONTROL | |
| Número de control | 48241 |
| 003 - IDENTIFICADOR DE NÚMERO DE CONTROL | |
| Identificador del número de control | ES-MaCES |
| 005 - FECHA Y HORA DE LA ÚLTIMA TRANSACCIÓN | |
| Fecha y hora de la última transacción | 20160929122950.0 |
| 008 - CAMPO FIJO DE DESCRIPCIÓN FIJA--INFORMACIÓN GENERAL | |
| Códigos de información de longitud fija | 160929s2016 sp ||||| t||||||| ||spa d |
| 040 ## - FUENTE DE CATALOGACIÓN | |
| Centro catalogador de origen | ES-MaCES |
| Lengua de catalogación | spa |
| Centro transcriptor | ES-MaCES |
| Centro modificado | ES-MaCES |
| 100 1# - ENCABEZAMIENTO PRINCIPAL--NOMBRE PERSONAL | |
| 9 (RLIN) | 23231 |
| Nombre de persona | Sánchez Domínguez, María Ángeles |
| 245 10 - MENCIÓN DE TÍTULO | |
| Título | Familia y bienestar en la salud: la experiencia de las madres del baby-boom en España |
| Mención de responsabilidad, etc. | María Sánchez-Domínguez |
| 500 ## - NOTA GENERAL | |
| Nota general | Resumen |
| 504 ## - NOTA DE BIBLIOGRAFÍA, ETC. | |
| Nota de bibliografía, etc. | Bibliografía: p. 89-90 |
| 650 #4 - ASIENTO SECUNDARIO DE MATERIA--TÉRMINO DE MATERIA | |
| 9 (RLIN) | 28521 |
| Término de materia o nombre geográfico como elemento inicial | personas de edad avanzada |
| 650 #4 - ASIENTO SECUNDARIO DE MATERIA--TÉRMINO DE MATERIA | |
| 9 (RLIN) | 27061 |
| Término de materia o nombre geográfico como elemento inicial | asistencia a las personas de edad avanzada |
| 650 #4 - ASIENTO SECUNDARIO DE MATERIA--TÉRMINO DE MATERIA | |
| 9 (RLIN) | 30614 |
| Término de materia o nombre geográfico como elemento inicial | envejecimiento de la población |
| 650 #4 - ASIENTO SECUNDARIO DE MATERIA--TÉRMINO DE MATERIA | |
| 9 (RLIN) | 30671 |
| Término de materia o nombre geográfico como elemento inicial | estado de salud |
| 650 #4 - ASIENTO SECUNDARIO DE MATERIA--TÉRMINO DE MATERIA | |
| 9 (RLIN) | 27318 |
| Término de materia o nombre geográfico como elemento inicial | familia |
| 650 #4 - ASIENTO SECUNDARIO DE MATERIA--TÉRMINO DE MATERIA | |
| 9 (RLIN) | 28657 |
| Término de materia o nombre geográfico como elemento inicial | mujeres |
| 650 #4 - ASIENTO SECUNDARIO DE MATERIA--TÉRMINO DE MATERIA | |
| 9 (RLIN) | 30651 |
| Término de materia o nombre geográfico como elemento inicial | cuidado no profesional |
| 650 #4 - ASIENTO SECUNDARIO DE MATERIA--TÉRMINO DE MATERIA | |
| 9 (RLIN) | 29489 |
| Término de materia o nombre geográfico como elemento inicial | bienestar familiar |
| 650 #4 - ASIENTO SECUNDARIO DE MATERIA--TÉRMINO DE MATERIA | |
| 9 (RLIN) | 26964 |
| Término de materia o nombre geográfico como elemento inicial | España |
| 653 10 - TÉRMINO DE INDEXACIÓN--NO CONTROLADO | |
| Término no controlado | Mujer |
| 773 0# - ENTRADA DE DOCUMENTO FUENTE | |
| Itemnumber del ítem fuente | 85095 |
| Lugar, editor y fecha de publicación | Madrid Fundación de las Cajas de Ahorros (FUNCAS) 2005- |
| Otro identificador del documento | 087993 |
| Título | Panorama social |
| Número de control del registro relacionado | (ES-MaCES)25996 |
| Parte(s) relacionada(s) | n. 23 (1er. sem. 2016) {55/1043 R. 087993} ;p. 73-90 |
| 902 ## - CES. TIPO DE DOCUMENTO | |
| Tipodoc (006$c Sirtex) | ART Artículo de revista |
| 942 ## - ELEMENTOS KOHA | |
| Fuente de clasificaión o esquema | Clasificación propia del CES |
| Koha [por defecto] tipo de item | Artículos (1982-2017) |
| Parte de clasificación | Asuntos Sociales |
No hay ítems disponibles.
